00421 2200157 4500001002100000008004100021035002000062245004000082100002100122260005400143020002200197084001400219082000800233650001000241990001200251INLIS000000000003338 ind  a0010-0226000004 aZipang 1 ( Komik )cKaiji Kawaguchi aKawaguchi, Kaiji aJakartabPT. Elex Media Komputindo Gramediac2009 a978-979-27-5861-0 a741 KAW z a741 aKomik a0754513